| 000 | 00381nam a22001697a 4500 | ||
|---|---|---|---|
| 003 | OSt | ||
| 008 | 250401b |||||||| |||| 00| 0 eng d | ||
| 020 | _a9789356223462 | ||
| 082 | _a658.872 KUD | ||
| 100 | _aKUMAR,Satinder | ||
| 245 | _aDigital Marketing | ||
| 250 | _a1st | ||
| 260 |
_aNew Delhi _bTaxmann _c2023 |
||
| 300 | _a383 | ||
| 700 | _aKAUR,Supreet | ||
| 942 |
_2ddc _cBK |
||
| 999 |
_c13189 _d13189 |
||